History of Indian Logic: (Record no. 365855)

MARC details
000 -LEADER
fixed length control field 00492nam a22001697a 4500
005 - DATE AND TIME OF LATEST TRANSACTION
control field 20250402130848.0
008 - FIXED-LENGTH DATA ELEMENTS--GENERAL INFORMATION
fixed length control field 250402b |||||||| |||| 00| 0 eng d
020 ## - INTERNATIONAL STANDARD BOOK NUMBER
International Standard Book Number 9788196123697
041 ## - LANGUAGE CODE
Language code of text/sound track or separate title eng
082 ## - DEWEY DECIMAL CLASSIFICATION NUMBER
Classification number 001.954
Item number VID B22473
100 ## - MAIN ENTRY--PERSONAL NAME
Author Vidyabhusana S C
245 ## - TITLE STATEMENT
Title History of Indian Logic:
Remainder of title Ancient, Mediaeval, and Modern schools
260 ## - PUBLICATION, DISTRIBUTION, ETC.
Place of publication, distribution, etc. Delhi
Name of publisher, distributor, etc. Motilal Banarsidass International
Date of publication, distribution, etc. 2023
300 ## - PHYSICAL DESCRIPTION
Extent 648p
500 ## - GENERAL NOTE
Keywords Indian Knowledge System
942 ## - ADDED ENTRY ELEMENTS (KOHA)
Koha item type Books
Holdings
Withdrawn status Lost status Source of classification or shelving scheme Damaged status Not for loan Home library Current library Date acquired Vendor Net Price Bill number Total Checkouts Full call number Barcode Date last seen Discount Actual Price Bill Date Koha item type Original Barcode
    Dewey Decimal Classification     Smt. Hiraben Nanavati Institute of Management & Research for Women Smt. Hiraben Nanavati Institute of Management & Research for Women 20/01/2025 Forward Books 1195.00 24325   001.954 VID B22473 HIMR-BK-22473 02/04/2025 27 872.35 18/01/2025 Books B22473